00648 2200217 4500001002100000005001500021035002000036007000300056008004100059020001800100020001800118082001000136084001600146100002000162245008600182250002000268260004400288300004300332650001600375700003900391INLIS00000000113894820220121094833 a0010-0122004103ta220121 0 ind  a979-637-356-4 a979-637-057-2 aF 813 aF 813 FUJ d0 aFujiko F. Fujio1 aDoraemon Petualangan 1 :bPetualangan Nobita Dengan Dinosaurus /cFujiko F. Fujio aCetakan Pertama aJakarta :bElex Media Komputindo,c1995 a185 halaman :bilustrasi ;c17 x 11 cm 4aFiksi Komik0 aPenerjemah : Amadio Hiromi Prabowo